Представление документа в формате RUSMARC

ПолеНазваниеЗначение
  Тип записи a
  Библиографический уровень a
001 Контрольный номер RU/CBS_UL/BASE/581020699
005 Дата корректировки 20250124015507.7
100 Данные общей обработки __
a Данные общей обработки 20180530d2018 ||| 0rusy0189 ca
101 Язык документа 0_
a Язык текста rus
102 Страна публикации __
a Страна публикации RU
105 Кодированные данные (монография) __
a Кодированные данные (монография) y###||||000|y
200 Заглавие и сведения об ответственности 1_
a Заглавие Игры гормонов
b Общее обозначение материала Текст
e Сведения, относящиеся к заглавию [влияние гормонов на жизнь женщины]
f Первые сведения об ответственности В. Соснина ; [мат. подгот. А. Легенчук]
300 Общие примечания __
a Общие примечания Ограничения по возрасту - 16+
461 Уровень набора _0
1 2000
a Психология и Я
463 Уровень физической единицы _0
1 001RU/CBS_UL/BASE/579960503
1 2000
a № 5
v С. 52-53 : фото
1 210
d 2018
606 Тематические рубрики 0_
a Основная рубрика Гормоны - Влияние на организм
610 Ключевые слова 0_
a Ключевые слова гормоны
a Ключевые слова женские гормоны
a Ключевые слова гормоны женские
a Ключевые слова мужские гормоны
a Ключевые слова гормоны мужские
a Ключевые слова гормональный фон
a Ключевые слова тестостерон
a Ключевые слова эстрогены
686 Индексы других классификаций __
a Классификационный индекс 54.15
2 Код системы ББК
700 Автор _1
a Фамилия Соснина
b Имя (инициалы) В.
801 Источник записи _0
a Страна RU
b Организация МБУК ЦБС г. Ульяновска
c Дата составления 20180530
g Правила каталогизации RCR
801 Источник записи _1
a Страна RU
b Организация МБУК ЦБС г. Ульяновска
c Дата составления 20180530
g Правила каталогизации RCR
901 Тип документа __
t Тип документа f
w Контрольный № источника RU/CBS_UL/BASE/579960503
910 Корректоры записи __
a Корректор записи Библиотека 2
938 Служебная информация __
a Имя БД period